| 000 | 00581nam a2200193Ia 4500 | ||
|---|---|---|---|
| 003 | GCL | ||
| 008 | 140319s9999 xx 000 0 ara d | ||
| 040 |
_aGCL / _cGCL |
||
| 082 | 0 | 4 |
_aد _b050 |
| 245 | 1 | 0 | _aاولمبياد الالفية الثالثة |
| 250 | _aالاولى | ||
| 260 |
_aالكويت : _bوزارة الاعلام بدولة الكويت ، _c2004 |
||
| 650 | 0 | 4 | _aالقصص القصيرة |
| 650 | 0 | 4 | _aالتعليم |
| 650 | 0 | 4 | _aالثقافة العربية |
| 650 | 0 | 4 | _aالعرب فى اوربا |
| 650 | 0 | 4 | _aجابر عصفور |
| 942 |
_2ddc _cCR |
||
| 999 |
_c7115 _d7115 |
||